000 00649nam a2200169Ia 4500
005 20250423101438.0
008 250422s9999 xx 000 0 und d
020 _a9781032363844
050 _aRA 644 .C67 .S65/
100 _aEdited by Aji Prasetya Wibawa.
245 4 _aThe spirit of recovery
260 _aBoca Raton
260 _bCRC Press
260 _c2024
650 _aCOVID-19 (Disease)—Technological innovations. Public health—Data processing. Medical informatics—Applications. Health services administration—Technological innovations. Information technology—Health aspects. Pandemics—Technological aspects.
942 _cBK
999 _c36324
_d36324